|
|
|
|
| LEADER |
01318nam a2200313 a 4500 |
| 001 |
c000121199 |
| 003 |
CARM |
| 005 |
20011003114128.0 |
| 008 |
720912s1972 dcu b 000 0 eng |
| 010 |
|
|
|a 72079161 //r96
|
| 019 |
1 |
|
|a 721098
|5 LACONCORD2021
|
| 020 |
|
|
|a 0826814050
|
| 035 |
|
|
|a (OCoLC)417083
|5 LACONCORD2021
|
| 040 |
|
|
|a LC
|b eng
|c LC
|d LC
|
| 043 |
|
|
|a n-us---
|
| 050 |
0 |
0 |
|a LA228
|b .A65
|
| 082 |
0 |
0 |
|a 378.73
|
| 110 |
2 |
|
|a American Council on Education.
|
| 245 |
1 |
0 |
|a Universal higher education: costs, benefits, options.
|c Edited by Logan Wilson and Olive Mills.
|
| 260 |
|
|
|a Washington
|c [1972]
|
| 300 |
|
|
|a xv, 342 p.
|c 24 cm.
|
| 500 |
|
|
|a Contains background papers and commentaries presented at the 54th annual meeting of the American Council on Education, held in Washington, D.C., Oct. 6-8, 1971; the background papers were published separately in 1971.
|
| 504 |
|
|
|a Includes bibliographical references.
|
| 650 |
|
0 |
|a Education, Higher
|x Aims and objectives
|z United States.
|
| 700 |
1 |
|
|a Wilson, Logan,
|d 1907-,
|e ed.
|
| 700 |
1 |
|
|a Mills, Olive,
|e ed.
|
| 852 |
8 |
|
|b CARM
|h A3:AB01B0
|i B04505
|p 0167889
|f BK
|
| 999 |
f |
f |
|i 88191837-6e4b-5864-a2c5-79cf3d5533c0
|s 299de0cd-995b-5ec3-b0ac-5623d25bc525
|
| 952 |
f |
f |
|p Can circulate
|a CAVAL
|b CAVAL
|c CAVAL
|d CARM 1 Store
|e B04505
|f A3:AB01B0
|h Other scheme
|i book
|m 0167889
|